000
00322nam a2200133Ia 4500
008
191201s2006 xx 000 0 und d
082
_a
658.4012
_b
VHS
100
_a
RAO, V S P
245
0
_a
Strategic Management Text and Cases
260
_a
N.Delhi
_b
Excel Books
_c
2006
300
_a
709
650
_a
MBA
942
_2
ddc
_c
BK
999
_c
2709
_d
2709